| 000 | 00366nam a2200145Ia 4500 | ||
|---|---|---|---|
| 005 | 20250508015519.0 | ||
| 008 | 240331s9999 xx 000 0 und d | ||
| 082 |
_bRAM _a894 |
||
| 100 | _aRamanan, A | ||
| 245 | 0 |
_aNeruppudan uravu : _boru nimisam please |
|
| 260 |
_aChennai _bThirumahal Nilaiyam _c1995 |
||
| 300 | _a208 p ., | ||
| 650 | _aTamil Stories | ||
| 942 | _cL | ||
| 999 |
_c4323 _d4323 |
||